Devinez la langue - Europe - Statistiques

Statistiques générales
  • Ce quiz a été pris 177 fois
    109 depuis la dernière actualisation
  • Le résultat moyen est 16 sur 38
Statistiques - réponses
Extrait de la DDHC Langue % Correct
Tous les êtres humains naissent libres et égaux en dignité et en droits. Ils sont doués de raison et de conscience et doivent agir les uns envers les autres dans un esprit de fraternité. Français
90%
All human beings are born free and equal in dignity and rights. They are endowed with reason and conscience and should act towards one another in a spirit of brotherhood. Anglais
81%
Todos los seres humanos nacen libres e iguales en dignidad y derechos y, dotados como están de razón y conciencia, deben comportarse fraternalmente los unos con los otros. Espagnol
81%
Todos os seres humanos nascem livres e iguais em dignidade e em direitos. Dotados de razão e de consciência, devem agir uns para com os outros em espírito de fraternidade. Portugais
81%
Alle Menschen sind frei und gleich an Würde und Rechten geboren. Sie sind mit Vernunft und Gewissen begabt und sollen einander im Geist der Brüderlichkeit begegnen. Allemand
77%
Όλοι οι άνθρωποι γεννιούνται ελεύθεροι και ίσοι στην αξιοπρέπεια και τα δικαιώματα. Είναι προικισμένοι με λογική και συνείδηση, και οφείλουν να συμπεριφέρονται μεταξύ τους με πνεύμα αδελφοσύνης. Grec
73%
Tutti gli esseri umani nascono liberi ed eguali in dignità e diritti. Essi sono dotati di ragione e di coscienza e devono agire gli uni verso gli altri in spirito di fratellanza. Italien
73%
Все люди рождаются свободными и равными в своём достоинстве и правах. Они наделены разумом и совестью и должны поступать в отношении друг друга в духе братства. Russe
69%
Alle mensen worden vrij en gelijk in waardigheid en rechten geboren. Zij zijn begiftigd met verstand en geweten, en behoren zich jegens elkander in een geest van broederschap te gedragen. Néerlandais
66%
Alle mennesker er født frie og lige i værdighed og rettigheder. De er udstyret med fornuft og samvittighed, og de bør handle mod hverandre i en broderskabets ånd. Danois
59%
Wszyscy ludzie rodzą się wolni i równi pod względem swej godności i swych praw. Są oni obdarzeni rozumem i sumieniem i powinni postępować wobec innych w duchu braterstwa. Polonais
57%
Omnes homines liberi æquique dignitate atque iuribus nascuntur. Ratione conscientiaque præditi sunt et alii erga alios cum fraternitate se gerere debent. Latin
56%
Bokmål : Artikkel 1: Alle mennesker er født frie og med samme menneskeverd og menneskerettigheter. De er utstyrt med fornuft og samvittighet og bør handle mot hverandre i brorskapets ånd.Nynorsk : Artikkel 1: Alle menneske er fødde til fridom og med same menneskeverd og menneskerettar. Dei har fått fornuft og samvit og skal leve med kvarandre som brør. Norvégien
56%
Alla människor är födda fria och har lika värde och rättigheter. De är utrustade med förnuft och samvete och bör handla gentemot varandra i en anda av broderskap. Suédois
44%
Hver maður er borinn frjáls og jafn öðrum að virðingu og réttindum. Menn eru gæddir vitsmunum og samvisku, og ber þeim að breyta bróðurlega hverjum við annan. Islandais
43%
Усе людзі нараджаюцца свабоднымі і роўнымі ў сваёй годнасці і правах. Яны надзелены розумам і сумленнем і павінны ставіцца адзін да аднаго ў духу брацтва. Biélorusse
41%
Bсички хора се раждат свободни и равни по достойнство и права. Tе са надарени с разум и съвест и следва да се отнасят помежду си в дух на братство. Bulgare
41%
Kaikki ihmiset syntyvät vapaina ja tasavertaisina arvoltaan ja oikeuksiltaan. Heille on annettu järki ja omatunto, ja heidän on toimittava toisiaan kohtaan veljeyden hengessä. Finnois
37%
Toate ființele umane se nasc libere și egale în demnitate și în drepturi. Fiind înzestrate cu gândire și conștiință, trebuie să se comporte unele față de altele în spiritul Frăției. Roumain
37%
Minden emberi lény szabadon születik és egyenlő méltósága és joga van. Az emberek, ésszel és lelkiismerettel bírván, egymással szemben testvéri szellemben kell hogy viseltessenek. Hongrois
30%
Сва људскa бићa рaђajу сe слoбoднa и једнака у дoстojaнству и прaвимa. Oнa су обдарена рaзумoм и свeшћу и трeбa jeдни прeмa другимa дa пoступajу у духу брaтствa. Serbe
30%
Všichni lidé rodí se svobodní a sobě rovní co do důstojnosti a práv. Jsou nadáni rozumem a svědomím a mají spolu jednat v duchu bratrství. Tchèque
27%
Të gjithë njerëzit lindin të lirë dhe të barabartë në dinjitet dhe në të drejta. Ata kanë arsye dhe ndërgjegje dhe duhet të sillen ndaj njëri tjetrit me frymë vëllazërimi. Albanais
24%
Kõik inimesed sünnivad vabadena ja võrdsetena oma väärikuselt ja õigustelt. Neile on antud mõistus ja südametunnistus ja nende suhtumist üksteisesse peab kandma vendluse vaim. Estonien
24%
Visi cilvēki piedzimst brīvi un vienlīdzīgi savā pašcieņā un tiesībās. Viņi ir apveltīti ar saprātu un sirdsapziņu, un viņiem jāizturas citam pret citu brālības garā. Letton
24%
Všetci ľudia sa rodia slobodní a sebe rovní, čo sa týka ich dôstojnosti a práv. Sú obdarení rozumom a majú navzájom jednať v bratskom duchu. Slovaque
24%
Tots els éssers humans neixen lliures i iguals en dignitat i en drets. Són dotats de raó i de consciència i han de comportar-se fraternalment els uns amb els altres. Catalan
23%
Sva ljudska bića rađaju se slobodna i jednaka u dostojanstvu i pravima. Ona su obdarena razumom i sviješću i trebaju jedno prema drugome postupati u duhu bratstva. Croate
23%
Saolaítear na daoine uile saor agus comhionann ina ndínit agus ina gcearta. Tá bua an réasúin agus an choinsiasa acu agus dlíd iad féin d'iompar de mheon an bhráthrachais i leith a chéile. Irlandais
23%
Visi žmonės gimsta laisvi ir lygūs savo orumu ir teisėmis. Jiems suteiktas protas ir sąžinė ir jie turi elgtis vienas kito atžvilgiu kaip broliai. Lituanien
20%
All Mënsch kënnt fräi a mat deer selwechter Dignitéit an deene selwechte Rechter op d'Welt. Jiddereen huet säi Verstand a säi Gewësse krut a soll an engem Geescht vu Bridderlechkeet deenen anere géintiwwer handelen. Luxembourgeois
20%
Vsi ljudje se rodijo svobodni in imajo enako dostojanstvo in enake pravice. Obdarjeni so z razumom in vestjo in bi morali ravnati drug z drugim kakor bratje. Slovène
20%
Il-bnedmin kollha jitwieldu ħielsa u ugwali fid-dinjità u d-drittijiet. Huma mogħnija bir-raġuni u bil-kuxjenza u għandhom iġibu ruħhom ma' xulxin bi spirtu ta' aħwa. Maltais
17%
Ситe чoвeчки суштeствa сe рaѓaaт слoбoдни и eднaкви пo дoстoинствo и прaвa. Tиe сe oбдaрeни сo рaзум и сoвeст и трeбa дa сe oднeсувaaт eдeн кoн друг вo дуxoт нa oпштo чoвeчкaтa припaднoст. Macédonien
14%
Tut ils umans naschan libers ed eguals en dignitad ed en dretgs. Els èn dotads cun raschun e conscienza e duain agir in vers l’auter en spiert da fraternitad. Romanche
14%
Sva ljudska bića rađaju se slobodna i jednaka u dostojanstvu i pravima. Ona su obdarena razumom i sviješću i treba da jedno prema drugome postupaju u duhu bratstva. Bosnien
13%
Aw human sowels is born free and equal in dignity and richts. They are tochered wi mense and conscience and shuld guide theirsels ane til ither in a speirit o britherheid. Scots
10%
Всі люди народжуються вільними і рівними у своїй гідності та правах. Вони наділені розумом і совістю і повинні діяти у відношенні один до одного в дусі братерства. Ukrainien
6%
Aucun quiz correspondant
Distribution des résultats
% des personnes avec chaque résultat
Percentile par nombre de réponses
Votre historique - résultats
Vous n’avez pas pris ce quiz depuis la dernière actualisation